000 00372nam a2200133Ia 4500
008 220120s9999||||xx |||||||||||||| ||und||
020 _a9788131503638
082 _a621.395 YAR
100 _aYarbrough, John M
245 0 _aDigital logic application and design
260 _aCengage learning
_bNew Delhi
_c2011
300 _aXXVI, 1156p.
_b450
650 _aCOMPUTER SCIENCE
999 _c133197
_d133197